Top 20 Chess Players February 2024 - Statistics

General Stats
  • This quiz has been taken 52 times
  • The average score is 15 of 20
Answer Stats
# Name Fed Rating B-Year % Correct
1 Carlsen, Magnus Norway 2830 1990
98%
2 Caruana, Fabiano USA 2804 1992
98%
3 Nakamura, Hikaru USA 2788 1987
98%
4 Ding, Liren China 2762 1992
95%
16 Gukesh D India 2743 2006
95%
7 Nepomniachtchi, Ian Russia 2758 1990
95%
8 So, Wesley USA 2757 1993
84%
6 Firouzja, Alireza France 2760 2003
81%
5 Giri, Anish Netherlands 2762 1994
81%
12 Anand, Viswanathan India 2748 1969
77%
13 Praggnanandhaa R India 2747 2005
67%
19 Vachier-Lagrave, Maxime France 2732 1990
63%
9 Wei, Yi China 2755 1999
63%
20 Duda, Jan-Krzysztof Poland 2732 1998
60%
14 Vidit, Santosh Gujrathi India 2747 1994
60%
15 Abdusattorov, Nodirbek Uzbekistan 2744 2004
53%
17 Keymer, Vincent Germany 2738 2004
53%
11 Karjakin, Sergey Russia 2750 1990
49%
18 Erigaisi Arjun India 2738 2003
44%
10 Dominguez Perez, Leinier USA 2752 1983
42%
No matching quizzes found
Score Distribution
Percent of People with Each Score
Percentile by Number Answered
Your Score History
You have not taken this quiz